| 000 | 00428cam a2200169ua 4500 | ||
|---|---|---|---|
| 020 | _a0 632 034173 | ||
| 041 |
_aeng _h |
||
| 082 |
_a631.3 _bCUL/FA |
||
| 100 | _aCulpin, Claude . | ||
| 245 |
_aFarm machinery / _cClaude Culpin. _hTextual Documents |
||
| 260 |
_a : _bELBS with Blackwell scientific publishers , _c1992. |
||
| 300 | _a444 ; . | ||
| 500 | _a18882 Scheme | ||
| 504 | _a | ||
| 942 | _cBK | ||
| 999 |
_c9192 _d9192 |
||